000 00478nam a2200169Ia 4500
003 GCL
008 140319s9999 xx 000 0 ara d
040 _aGCL /
_cGCL
082 0 4 _a811.094
_bا ب
100 1 _aاحمد سويلم
245 1 0 _aالبحث عن الدائرة المجهولة /
_cاحمد سويلم
300 _a80 ص
490 _a
650 0 4 _aالشعر العربى
650 0 4 _aالشعر العربى - دواوين وقصائد
942 _2ddc
_cBK
999 _c40246
_d40246